| 000 | 00467nam a2200181Ia 4500 | ||
|---|---|---|---|
| 001 | 7499 | ||
| 005 | 20260306160500.0 | ||
| 008 | 260306t2005||||xx |||||||||||||| ||spa|| | ||
| 041 | _aESP | ||
| 082 |
_a339 _bL49 |
||
| 100 |
_aLeRoy Miller, Roger _eAUT |
||
| 245 | 0 |
_aMacroeconomía: _bteorías, políticas y aplicaciones internacionales |
|
| 260 | _c2005 | ||
| 300 |
_axxiii, 549 páginas : _c26 cm. |
||
| 650 | _aGEN | ||
| 654 | _aCAN | ||
| 942 |
_cLIB _dJUS _fJUS _2ddc _n |
||
| 999 |
_c7499 _d7499 |
||